[Event "Summer Prague Open 2021 - A"]
[Site "?"]
[Date "2021.08.08"]
[Round "4.2"]
[White "Stalmach, Richard"]
[Black "Taborsky, Rostislav"]
[Result "1-0"]
[WhiteElo "2305"]
[BlackElo "2090"]
[PlyCount "115"]
[EventDate "2021.??.??"]
[WhiteClock "0:01:46"]
[BlackClock "0:14:56"]

1. d4 Nf6 2. c4 e6 3. Nf3 c5 4. d5 d6 5. Nc3 exd5 6. cxd5 g6 7. Nd2 Bg7 8. e4
O-O 9. Be2 Na6 10. O-O Ne8 11. Re1 Nac7 12. a4 b6 13. f4 f5 14. Bf3 Bd4+ 15.
Kh1 fxe4 16. Ndxe4 a6 17. Ne2 Bg7 18. N2g3 h6 19. Qc2 b5 20. Nc3 b4 21. Nd1 Bf5
22. Nxf5 gxf5 23. Ne3 Qf6 24. Rb1 Rb8 25. b3 Qc3 26. Qe2 Qf6 27. Bb2 Qd8 28.
Qd3 Bxb2 29. Rxb2 Qf6 30. Rbe2 Ng7 31. Nc4 Rbe8 32. g3 Rxe2 33. Rxe2 Re8 34.
Kg2 Rxe2+ 35. Qxe2 Kf8 36. h3 Qd4 37. Nxd6 Nxd5 38. Qxa6 Ne3+ 39. Kh1 Qa1+ 40.
Kh2 Qb2+ 41. Be2 c4 42. Qa8+ Ke7 43. Nc8+ Kf6 44. Qf3 Qd2 45. Nb6 Kf7 46. Nxc4
Nxc4 47. bxc4 Ne6 48. Qd3 Qb2 49. Qxf5+ Ke7 50. Qe4 Kf6 51. Kh1 b3 52. Bd3 Qc1+
53. Kg2 Qd2+ 54. Qe2 Qxe2+ 55. Bxe2 Nc5 56. Bd1 b2 57. Bc2 Nxa4 58. g4 1-0

[Event "Summer Prague Open 2021 - A"]
[Site "?"]
[Date "2021.08.08"]
[Round "4.3"]
[White "Djidjeli, Sofiane"]
[Black "Brozka, Karel"]
[Result "0-1"]
[WhiteElo "2223"]
[BlackElo "2054"]
[PlyCount "92"]
[EventDate "2021.??.??"]
[WhiteClock "0:37:16"]
[BlackClock "0:26:48"]

1. e4 c6 2. d4 d5 3. e5 c5 4. dxc5 e6 5. a3 Bxc5 6. b4 Bf8 7. Nf3 a5 8. bxa5
Nc6 9. Bd2 Nge7 10. Nc3 Ng6 11. Bb5 Bd7 12. O-O Nxa5 13. Qe2 Be7 14. Rfb1 O-O
15. Bxd7 Qxd7 16. Qb5 Qxb5 17. Rxb5 Nc4 18. Rxb7 Nxa3 19. Ra2 Nc4 20. Be3 Rxa2
21. Nxa2 Ra8 22. Ba7 Na5 23. Rb8+ Rxb8 24. Bxb8 Nc6 25. Bc7 Kf8 26. Nc1 Bb4 27.
Nd3 Ke8 28. Nxb4 Nxb4 29. Ne1 Kd7 30. Bd6 Nc6 31. Nd3 Nd4 32. Ba3 Nxc2 33. Bb2
Kc6 34. Kf1 Kb5 35. Ke2 Nb4 36. Nxb4 Kxb4 37. Ke3 Kc4 38. g4 Ne7 39. f4 Nc6 40.
f5 d4+ 41. Ke4 d3 42. Bc1 Kc3 43. h4 d2 44. Bxd2+ Kxd2 45. h5 Kc3 46. g5 g6 0-1

[Event "Summer Prague Open 2021 - A"]
[Site "?"]
[Date "2021.08.08"]
[Round "4.4"]
[White "Petr, Martin"]
[Black "Stillger, Bernhard"]
[Result "1-0"]
[WhiteElo "2503"]
[BlackElo "2255"]
[PlyCount "51"]
[EventDate "2021.??.??"]
[WhiteClock "0:01:01"]
[BlackClock "0:57:51"]

1. Nf3 d5 2. g3 Nd7 3. Bg2 Ngf6 4. O-O e5 5. d3 Bd6 6. c4 c6 7. cxd5 cxd5 8. e4
O-O 9. exd5 Nxd5 10. Re1 Re8 11. d4 exd4 12. Rxe8+ Qxe8 13. Qxd4 N7f6 14. Nc3
Nxc3 15. bxc3 Bc7 16. c4 Qd7 17. Bb2 Qxd4 18. Nxd4 Bd7 19. Nb5 Bb6 20. Bxb7 Rb8
21. Bf3 Ng4 22. Bd4 a6 23. Bxb6 axb5 24. Ba7 Re8 25. cxb5 Ne5 26. Be2 1-0

[Event "Summer Prague Open 2021 - A"]
[Site "?"]
[Date "2021.08.08"]
[Round "4.5"]
[White "Hartge, Gedeon"]
[Black "Jurcik, Marian"]
[Result "1/2-1/2"]
[WhiteElo "2254"]
[BlackElo "2419"]
[PlyCount "40"]
[EventDate "2021.??.??"]
[WhiteClock "0:32:51"]
[BlackClock "0:24:13"]

1. d4 Nf6 2. c4 e6 3. Nc3 Bb4 4. e3 O-O 5. Bd3 d5 6. a3 Bxc3+ 7. bxc3 dxc4 8.
Bxc4 c5 9. Ne2 Qc7 10. Ba2 b6 11. O-O Ba6 12. Re1 Nc6 13. Ng3 Rfd8 14. Bb2 Na5
15. e4 Bc4 16. e5 Nd5 17. Bb1 Nb3 18. Ra2 Na5 19. Ra1 Nb3 20. Ra2 Na5 1/2-1/2

[Event "Summer Prague Open 2021 - A"]
[Site "?"]
[Date "2021.08.08"]
[Round "4.6"]
[White "Shehzad, Shazil"]
[Black "Finek, Vaclav"]
[Result "0-1"]
[WhiteElo "2196"]
[BlackElo "2372"]
[PlyCount "159"]
[EventDate "2021.??.??"]
[WhiteClock "0:01:28"]
[BlackClock "0:03:52"]

1. e4 Nf6 2. e5 Nd5 3. d4 d6 4. c4 Nb6 5. exd6 cxd6 6. a4 d5 7. c5 N6d7 8. Nc3
Nf6 9. Nf3 g6 10. Bb5+ Nc6 11. Ne5 Bd7 12. O-O Bg7 13. Nxd7 Qxd7 14. b4 a6 15.
Bxc6 bxc6 16. Bf4 O-O 17. Be5 Nh5 18. Bxg7 Nxg7 19. Qd3 Rfb8 20. Rab1 Qf5 21.
Qe3 Qg4 22. h3 Qd7 23. Rfd1 Nf5 24. Qf3 e6 25. g4 Ng7 26. Rd2 Ne8 27. Kg2 Nc7
28. Rdb2 Rb7 29. h4 Rab8 30. h5 Qe7 31. Ne2 e5 32. dxe5 Qxe5 33. Nf4 Qd4 34.
Qe3 Qxe3 35. fxe3 Kg7 36. Ne2 a5 37. b5 cxb5 38. c6 Rb6 39. axb5 Rxb5 40. Rxb5
Rxb5 41. Rc1 a4 42. Kf3 Kf6 43. Nd4 Ra5 44. hxg6 hxg6 45. Rb1 Ke5 46. Rb8 Kd6
47. Rd8+ Kc5 48. Ke2 Ra7 49. Rb8 a3 50. Rb7 Rxb7 51. cxb7 Na6 52. Kd3 a2 53.
Kc2 Kb6 54. Kb2 Kxb7 55. Kxa2 Kc7 56. Kb3 Kd6 57. Nf3 Nc5+ 58. Kc3 f6 59. Kd4
g5 60. Nd2 Ne6+ 61. Kd3 Nd8 62. e4 Nc6 63. exd5 Kxd5 64. Ne4 Ne5+ 65. Ke3 Nxg4+
66. Kf3 Ne5+ 67. Ke3 Ke6 68. Kf2 Kf5 69. Ng3+ Kg4 70. Ne4 f5 71. Nc5 Kh3 72.
Ne6 g4 73. Nf4+ Kh2 74. Ke3 g3 75. Ne2 g2 76. Kf4 Nd3+ 77. Kxf5 Nc1 78. Nd4 Kg3
79. Ke4 g1=Q 80. Nf5+ 0-1

[Event "Summer Prague Open 2021 - A"]
[Site "?"]
[Date "2021.08.08"]
[Round "4.7"]
[White "Plischki, Sebastian"]
[Black "Jedlicka, Ales"]
[Result "1-0"]
[WhiteElo "2356"]
[BlackElo "2209"]
[PlyCount "117"]
[EventDate "2021.??.??"]
[WhiteClock "0:06:00"]
[BlackClock "0:24:11"]

1. d4 Nf6 2. c4 c5 3. d5 g6 4. Nc3 Bg7 5. e4 d6 6. Nf3 O-O 7. Bd3 e6 8. O-O
exd5 9. exd5 Bg4 10. h3 Bxf3 11. Qxf3 Nbd7 12. Qd1 a6 13. a4 Ne8 14. Qc2 Nc7
15. a5 Rb8 16. Ne4 Ne5 17. Be2 f5 18. Ng5 Qf6 19. f4 Nf7 20. Nf3 b6 21. axb6
Rxb6 22. Ra3 Re8 23. Re1 h6 24. g3 Reb8 25. b3 Qc3 26. Bd1 Re8 27. Qxc3 Bxc3
28. Rxe8+ Nxe8 29. Ra2 Nf6 30. Re2 Ne4 31. Kg2 Nd8 32. g4 Bf6 33. Bc2 Nb7 34.
gxf5 gxf5 35. Nd2 Na5 36. Nxe4 fxe4 37. Rxe4 Nxb3 38. Bxb3 Rxb3 39. Re6 Bd4 40.
f5 Be5 41. h4 Rg3+ 42. Kf2 Rg4 43. Rxh6 Rxc4 44. Bg5 a5 45. Re6 a4 46. Re8+ Kf7
47. Re7+ Kg8 48. Ra7 Rd4 49. Kf3 Rxd5 50. Kg4 Bb2 51. f6 c4 52. Rxa4 Rc5 53.
Ra8+ Kf7 54. Ra7+ Ke6 55. Re7+ Kd5 56. f7 Bg7 57. h5 c3 58. h6 Bf8 59. Re8 1-0

[Event "Summer Prague Open 2021 - A"]
[Site "?"]
[Date "2021.08.08"]
[Round "4.8"]
[White "Krivanek, Vladimir"]
[Black "Hrabusa, Matej"]
[Result "0-1"]
[WhiteElo "2166"]
[BlackElo "2350"]
[PlyCount "92"]
[EventDate "2021.??.??"]
[WhiteClock "0:20:52"]
[BlackClock "0:21:43"]

1. c4 e5 2. Nc3 Bb4 3. g3 Bxc3 4. bxc3 d6 5. Bg2 f5 6. d3 Nf6 7. e3 O-O 8. Ne2
Nc6 9. Rb1 Qe8 10. O-O Rb8 11. h3 Bd7 12. Ba3 b6 13. Qd2 Qh5 14. f3 Qh6 15. Bc1
e4 16. f4 Na5 17. Nd4 Qg6 18. Kh2 exd3 19. Qxd3 Ne4 20. Bxe4 fxe4 21. Qe2 Be6
22. Rb4 c5 23. Nxe6 Qxe6 24. Ra4 Qe8 25. Qd1 Kh8 26. Rf2 Rd8 27. Rd2 Nxc4 28.
Rxc4 b5 29. Ra4 bxa4 30. c4 Qe6 31. Rd5 Rf5 32. Qg4 Rf6 33. f5 Qe7 34. Bb2 Rf7
35. h4 Qb7 36. Bc3 Qb1 37. Qe2 a3 38. h5 Qc1 39. Be5 Rfd7 40. f6 dxe5 41. Qg4
Rb8 42. Qxd7 Rb2+ 43. Kh3 Qf1+ 44. Kg4 Qf3+ 45. Kg5 h6+ 46. Kg6 Qxf6# 0-1

[Event "Summer Prague Open 2021 - A"]
[Site "?"]
[Date "2021.08.08"]
[Round "4.9"]
[White "Svanda, Ondrej"]
[Black "Gnojek, Petr"]
[Result "1-0"]
[WhiteElo "2312"]
[BlackElo "2205"]
[PlyCount "125"]
[EventDate "2021.??.??"]
[WhiteClock "0:37:54"]
[BlackClock "0:08:33"]

1. e4 d6 2. d4 Nf6 3. Nc3 g6 4. Be3 a6 5. Qd2 b5 6. f3 Nbd7 7. O-O-O Bb7 8. g4
Nb6 9. h4 h5 10. g5 Nfd7 11. d5 c5 12. dxc6 Bxc6 13. Bd4 Rg8 14. a3 Qc7 15. Qf2
Qb7 16. Kb1 O-O-O 17. Nge2 e6 18. Nc1 d5 19. Nb3 e5 20. Na5 Qc7 21. Bxb6 Nxb6
22. Bh3+ Bd7 23. Bxd7+ Rxd7 24. exd5 Bc5 25. Qe1 Bd4 26. Nc6 Nxd5 27. Nxd5 Rxd5
28. Nb4 Rd6 29. c3 Bc5 30. Rxd6 Qxd6 31. Qe4 Bxb4 32. Qa8+ Qb8 33. Qc6+ Qc7 34.
Qa8+ Qb8 35. Qxa6+ Qb7 36. Qxb7+ Kxb7 37. axb4 Kc6 38. Kc2 Re8 39. Kd3 Kd5 40.
Rd1 Ra8 41. Ke3+ Ke6 42. f4 Ra2 43. fxe5 Rxb2 44. Kd4 Re2 45. Rf1 Rd2+ 46. Kc5
Rd5+ 47. Kc6 Rxe5 48. Rf6+ Ke7 49. Rf4 f5 50. gxf6+ Kf7 51. c4 bxc4 52. b5 g5
53. hxg5 Rxg5 54. b6 c3 55. b7 Rg8 56. Kc7 c2 57. Rf1 h4 58. b8=Q Rxb8 59. Kxb8
c1=Q 60. Rxc1 Kxf6 61. Rc5 Kg6 62. Kc7 h3 63. Rc3 1-0

[Event "Summer Prague Open 2021 - A"]
[Site "?"]
[Date "2021.08.08"]
[Round "4.10"]
[White "Nguyen, Alex Dac-Vuong"]
[Black "Toman, Ondrej"]
[Result "1/2-1/2"]
[WhiteElo "2290"]
[BlackElo "2196"]
[PlyCount "73"]
[EventDate "2021.??.??"]
[WhiteClock "0:31:51"]
[BlackClock "0:23:15"]

1. e4 c6 2. d4 d5 3. exd5 cxd5 4. c4 Nf6 5. Nc3 Nc6 6. Bg5 Ne4 7. cxd5 Nxc3 8.
bxc3 Qxd5 9. Nf3 Bg4 10. Qb3 e6 11. Bc4 Qe4+ 12. Be2 Bd6 13. O-O Qxe2 14. Qxb7
O-O 15. Qxc6 Bxf3 16. Qxd6 Bd5 17. Qg3 f6 18. Rfe1 Qa6 19. Bh6 Qb7 20. Bf4 Rfc8
21. Reb1 Qd7 22. Bd6 Rc4 23. Bc5 Rc8 24. Rb8 h6 25. Rab1 Kh7 26. Qd3+ f5 27.
Rxc8 Qxc8 28. f3 Qa6 29. a3 Qa5 30. Bb4 Qc7 31. Bc5 Qa5 32. Bb4 Qc7 33. Qe3 Qb6
34. Qe1 Qd8 35. Qg3 a5 36. Bc5 Rxc3 37. Qe1 1/2-1/2

[Event "Summer Prague Open 2021 - A"]
[Site "?"]
[Date "2021.08.08"]
[Round "4.11"]
[White "Kusa, Jakub"]
[Black "Nemec, Jachym"]
[Result "1-0"]
[WhiteElo "2280"]
[BlackElo "2191"]
[PlyCount "79"]
[EventDate "2021.??.??"]
[WhiteClock "0:16:03"]
[BlackClock "0:08:02"]

1. e4 c5 2. Nf3 d6 3. Bb5+ Nd7 4. a4 a6 5. Be2 Ngf6 6. Nc3 b6 7. d4 cxd4 8.
Qxd4 Bb7 9. O-O e5 10. Qe3 Be7 11. Nd2 O-O 12. Rd1 Qb8 13. Nc4 b5 14. Na5 b4
15. Nd5 Nxd5 16. exd5 Qc7 17. Nxb7 Qxb7 18. c3 bxc3 19. Qxc3 Rac8 20. Qa3 f5
21. b4 f4 22. Qd3 Ra8 23. Ba3 Nf6 24. Bf3 Qd7 25. a5 Rae8 26. Rac1 Qa4 27. Re1
g5 28. h3 Ra8 29. Rc6 Kh8 30. Rb6 Rg8 31. Bd1 Qd7 32. Rxa6 e4 33. Qc4 Raf8 34.
Bb2 Rg7 35. Bg4 Qa4 36. Ra7 h5 37. Bd1 Qe8 38. Rxe4 g4 39. hxg4 hxg4 40. Qc7
1-0

[Event "Summer Prague Open 2021 - A"]
[Site "?"]
[Date "2021.08.08"]
[Round "4.12"]
[White "Froeyman, Helmut"]
[Black "Both, Erik"]
[Result "1/2-1/2"]
[WhiteElo "2260"]
[BlackElo "2178"]
[PlyCount "106"]
[EventDate "2021.??.??"]
[WhiteClock "0:06:59"]
[BlackClock "0:07:33"]

1. e4 c5 2. Nf3 g6 3. d4 cxd4 4. Nxd4 Nf6 5. Nc3 d6 6. Be3 Bg7 7. f3 Nc6 8. Qd2
O-O 9. O-O-O d5 10. exd5 Nxd5 11. Nxc6 bxc6 12. Bd4 e5 13. Bc5 Be6 14. Ne4 Re8
15. h4 h6 16. h5 g5 17. g4 Qc7 18. Qe1 Red8 19. Rh2 Rd7 20. Rhd2 Qa5 21. a3 f5
22. gxf5 Bxf5 23. Bf2 Rb8 24. c4 Rc7 25. Rxd5 Qxe1 26. Bxe1 cxd5 27. Rxd5 g4
28. Nc5 Rbc8 29. fxg4 Bxg4 30. b4 Bf8 31. Rxe5 Bxc5 32. bxc5 Rxc5 33. Re4 Bxh5
34. Bb4 Rg5 35. Rf4 Bf7 36. Bd6 Rd5 37. Be7 h5 38. Kb2 Rd1 39. c5 Rb8+ 40. Kc2
Rbb1 41. Be2 Rbc1+ 42. Kb2 Re1 43. Bd6 Ra1 44. Bd3 Ra2+ 45. Kc3 Rxa3+ 46. Kd2
Rg1 47. Rd4 Rg2+ 48. Ke3 Rc3 49. Be5 Rxd3+ 50. Rxd3 Rc2 51. Rd8+ Kh7 52. Rd7
Kg6 53. Rxa7 Rxc5 1/2-1/2

[Event "Summer Prague Open 2021 - A"]
[Site "?"]
[Date "2021.08.08"]
[Round "4.13"]
[White "Simecek, Bohumil"]
[Black "Pap, Gyula"]
[Result "0-1"]
[WhiteElo "2095"]
[BlackElo "2519"]
[PlyCount "110"]
[EventDate "2021.??.??"]
[WhiteClock "0:06:25"]
[BlackClock "0:03:57"]

1. d4 Nf6 2. Nf3 e6 3. Bf4 c5 4. e3 cxd4 5. exd4 b6 6. Bd3 Bb7 7. O-O Be7 8. c3
O-O 9. Nbd2 d6 10. Qe2 Nbd7 11. Ne4 Qc7 12. Rfe1 Rfe8 13. h3 Bf8 14. Rad1 Nxe4
15. Bxe4 Bxe4 16. Qxe4 b5 17. Qd3 Qc4 18. b3 Qxd3 19. Rxd3 Nb6 20. Rc1 f6 21.
Rdd1 Rec8 22. Kf1 Rc6 23. Ng1 a5 24. Ne2 a4 25. Ra1 Kf7 26. Ke1 e5 27. d5 Rc7
28. Be3 Nd7 29. Rab1 f5 30. f3 Be7 31. g3 h5 32. Rd2 g5 33. bxa4 bxa4 34. g4
hxg4 35. hxg4 f4 36. Bf2 Rh8 37. Rb4 Rh1+ 38. Bg1 Nf6 39. Kf1 e4 40. fxe4 Nxg4
41. Kg2 Rh4 42. Nd4 Rxc3 43. Nf3 Rxf3 44. Kxf3 Ne5+ 45. Kg2 Rg4+ 46. Kf1 Rg3
47. Rxa4 Bf6 48. Ra7+ Kg6 49. a4 Rxg1+ 50. Kxg1 Nf3+ 51. Kf2 Nxd2 52. Ke2 Nxe4
53. a5 g4 54. Rc7 f3+ 55. Kf1 g3 0-1

[Event "Summer Prague Open 2021 - A"]
[Site "?"]
[Date "2021.08.08"]
[Round "4.14"]
[White "Neuman, Petr"]
[Black "Jun, Rudolf"]
[Result "1-0"]
[WhiteElo "2402"]
[BlackElo "2090"]
[PlyCount "133"]
[EventDate "2021.??.??"]
[WhiteClock "0:25:36"]
[BlackClock "1:00:02"]

1. e4 c5 2. Nc3 Nc6 3. Bb5 g6 4. Bxc6 dxc6 5. d3 Bg7 6. f4 e5 7. Nf3 Bg4 8. O-O
exf4 9. Bxf4 Ne7 10. Qd2 Bxf3 11. Rxf3 O-O 12. Bh6 f5 13. Raf1 Qd4+ 14. Be3 Qb4
15. Nd1 Qxd2 16. Bxd2 h6 17. exf5 Rxf5 18. Rxf5 Nxf5 19. g4 Nd6 20. b3 Nb5 21.
Kg2 Re8 22. Re1 Rxe1 23. Bxe1 Kf7 24. c3 Ke6 25. Kf3 a6 26. h3 Nd6 27. Nf2 b6
28. Ne4 Nf7 29. Ke2 Be5 30. Bd2 Bg7 31. Be3 Nd6 32. Bf4 Nxe4 33. dxe4 g5 34.
Bd2 b5 35. Kd3 Bf8 36. Be3 Ke5 37. c4 Ke6 38. Bf2 Be7 39. Ke2 Ke5 40. Ke3 Ke6
41. Kd3 Ke5 42. Bg3+ Ke6 43. e5 Bf8 44. Ke4 Bg7 45. Bf2 Bf8 46. h4 Bg7 47. hxg5
hxg5 48. Be3 Bxe5 49. Bxg5 a5 50. a4 bxa4 51. bxa4 Bc3 52. Bd8 Bd2 53. Bh4 Bc3
54. Bf2 Bb4 55. Be3 Kf6 56. Bf4 Bc3 57. Bc1 Be1 58. g5+ Ke6 59. Bb2 Bh4 60. Kf4
Be1 61. Kg4 Bd2 62. Ba1 Be1 63. Kh5 Kf7 64. Kh6 Bd2 65. Bb2 Ke6 66. Kg6 Be1 67.
Kh7 1-0

[Event "Summer Prague Open 2021 - A"]
[Site "Olympik hotel, Sokolovska 138,"]
[Date "2021.08.08"]
[Round "4.15"]
[White "Ouaki, Mark"]
[Black "Mica, Marek"]
[Result "1-0"]
[WhiteElo "2081"]
[BlackElo "2316"]
[PlyCount "195"]
[EventDate "2021.08.06"]

1. e4 c6 2. d4 d5 3. exd5 cxd5 4. c4 Nf6 5. Nc3 e6 6. c5 Be7 7. Rb1 O-O 8. Bd3
b6 9. b4 a5 10. a3 axb4 11. axb4 bxc5 12. bxc5 e5 13. dxe5 Ng4 14. Nf3 d4 15.
Ne4 Nc6 16. Bf4 Qd5 17. O-O Ngxe5 18. Nxe5 Nxe5 19. Qh5 f5 20. Bxe5 fxe4 21.
Bc2 g6 22. Bb3 Qxb3 23. Rxb3 gxh5 24. Rg3+ Kf7 25. Rg7+ Ke6 26. Bxd4 Ra4 27.
Be3 Rf7 28. Rg8 Rf8 29. Rg7 Ba6 30. Rc1 Rf7 31. Rg8 Rf8 32. Rg7 Rf7 33. Rg8 Bc4
34. Rb8 Bf6 35. Rb6+ Kf5 36. h3 Bg5 37. Bxg5 Kxg5 38. c6 Rc7 39. Rb7 Rxc6 40.
Rxh7 Raa6 41. Re7 Be6 42. Re1 Kf6 43. Rh7 Bf7 44. Rh8 Bg6 45. Re3 Rd6 46. Re2
Ra1+ 47. Kh2 Kg7 48. Rb8 h4 49. g3 Bh5 50. Reb2 Bf3 51. gxh4 Kf6 52. Kg3 Ke5
53. Re8+ Kd5 54. Kf4 Kc4 55. Reb8 Ra5 56. R8b4+ Kd3 57. R4b3+ Kc4 58. Rb4+ Kc5
59. R4b3 Rh6 60. Kg3 Kd4 61. Rb8 Rg6+ 62. Kf4 Rf6+ 63. Kg3 Ke5 64. h5 Rh6 65.
Re8+ Kd5 66. Rd2+ Kc4 67. Rc8+ Kb3 68. Rdc2 Raxh5 69. R2c3+ Kb4 70. Rc1 Rxh3+
71. Kf4 R6h4+ 72. Ke5 Rh1 73. Rb8+ Ka3 74. Rc3+ Ka2 75. Rc2+ Ka1 76. Ra8+ Kb1
77. Rca2 Rd1 78. Ra1+ Kc2 79. R1a2+ Kc1 80. Rc8+ Kb1 81. Rca8 Rh5+ 82. Kf4 Rhd5
83. Ra1+ Kb2 84. R1a2+ Kc1 85. Rc8+ Kb1 86. Rca8 R5d4 87. Ra1+ Kb2 88. R1a2+
Kc1 89. Rc8+ Kb1 90. Rca8 R1d2 91. Ra1+ Kc2 92. Re1 Rb4 93. Kg3 Rb3 94. Ra2+
Rb2 95. Ra7 Rd3 96. Kf4 Kd2 97. Raa1 Kc3 98. Ra3+ 1-0

[Event "Summer Prague Open 2021 - A"]
[Site "Olympik hotel, Sokolovska 138,"]
[Date "2021.08.08"]
[Round "4.16"]
[White "Mladek, Richard"]
[Black "Bergner, Philipp"]
[Result "1-0"]
[WhiteElo "2315"]
[BlackElo "2072"]
[PlyCount "93"]
[EventDate "2021.08.06"]

1. d4 d5 2. c4 e6 3. Nc3 Nf6 4. Bg5 Be7 5. cxd5 Nxd5 6. Bxe7 Qxe7 7. e3 O-O 8.
Nf3 b6 9. Qb3 Bb7 10. Rc1 Nd7 11. Bc4 Nxc3 12. bxc3 c5 13. Be2 e5 14. O-O cxd4
15. cxd4 Rac8 16. Qa4 a6 17. Rfd1 exd4 18. Nxd4 Rxc1 19. Rxc1 Nc5 20. Qb4 Qg5
21. g3 Qf6 22. Rb1 Nd7 23. Bg4 Ne5 24. Qxb6 Be4 25. Qxf6 gxf6 26. Rb6 Nxg4 27.
f3 Bxf3 28. Nxf3 Re8 29. Rxa6 Rxe3 30. Nd4 h6 31. Nf5 Re1+ 32. Kg2 Ne3+ 33. Kf2
Rf1+ 34. Kxe3 Rxf5 35. a4 h5 36. Rb6 h4 37. gxh4 Ra5 38. Rb4 Kg7 39. Kd3 f5 40.
Kc3 Kf6 41. Rb6+ Ke7 42. Kb4 Re5 43. Rc6 f4 44. Rc3 Re4+ 45. Rc4 f5 46. Rxe4+
fxe4 47. Kc3 1-0

[Event "Summer Prague Open 2021 - A"]
[Site "Olympik hotel, Sokolovska 138,"]
[Date "2021.08.08"]
[Round "4.17"]
[White "Heyne, Lukas"]
[Black "Bluebaum, Karl-Ernst"]
[Result "1-0"]
[WhiteElo "2062"]
[BlackElo "2281"]
[PlyCount "71"]
[EventDate "2021.08.06"]

1. d4 d5 2. Bf4 c5 3. e3 Nf6 4. c3 Nc6 5. Nd2 e6 6. Ngf3 Bd6 7. Bg3 O-O 8. Bd3
b6 9. Qe2 Qc7 10. dxc5 bxc5 11. e4 Bf4 12. e5 Nh5 13. O-O-O Rb8 14. Ng5 Bxg5
15. Qxh5 Bxd2+ 16. Rxd2 h6 17. Bf4 f5 18. Rg1 c4 19. Bb1 Qf7 20. Qh3 g5 21. g4
fxg4 22. Rxg4 Qg7 23. Bxg5 Nxe5 24. Rg3 hxg5 25. Rxg5 Rf7 26. Qh7+ Kf8 27. Rxg7
Rxg7 28. Qh8+ Kf7 29. Qh5+ Ng6 30. f4 Bd7 31. Rg2 Rbg8 32. h4 Kf6 33. Qh6 Kf7
34. h5 Ne7 35. Rg5 e5 36. Bh7 1-0

[Event "Summer Prague Open 2021 - A"]
[Site "Olympik hotel, Sokolovska 138,"]
[Date "2021.08.08"]
[Round "4.18"]
[White "Neukirchner, Pascal"]
[Black "Bluebaum, Johanna"]
[Result "1-0"]
[WhiteElo "2266"]
[BlackElo "2059"]
[PlyCount "73"]
[EventDate "2021.08.06"]

1. d4 d5 2. c4 e6 3. Nf3 Nf6 4. g3 Bb4+ 5. Bd2 Bd6 6. Nc3 O-O 7. Bg5 dxc4 8. e4
Be7 9. Bxc4 h6 10. Bf4 c6 11. a4 Qb6 12. Qd3 a5 13. O-O Na6 14. Qd2 Nb4 15.
Rfe1 Rd8 16. Rad1 Bf8 17. Ne5 Nd7 18. Ng4 h5 19. Ne3 Be7 20. Be2 Nf6 21. Nc4
Qa7 22. Bc7 Rd7 23. Bxa5 c5 24. Qc1 cxd4 25. Bb6 Qb8 26. Bxd4 Nc6 27. Bxf6 Rxd1
28. Rxd1 Bxf6 29. Nb6 Ra5 30. Nb5 e5 31. b4 Ra6 32. Nxc8 Rxa4 33. Ncd6 Rxb4 34.
Bc4 Nd8 35. Qa3 Nc6 36. Bxf7+ Kh7 37. Qf3 1-0

[Event "Summer Prague Open 2021 - A"]
[Site "Olympik hotel, Sokolovska 138,"]
[Date "2021.08.08"]
[Round "4.19"]
[White "Gimenez Menchon, Cesar"]
[Black "Vantuch, Lucian"]
[Result "1-0"]
[WhiteElo "2246"]
[BlackElo "2034"]
[PlyCount "91"]
[EventDate "2021.08.06"]

1. e4 c5 2. Nf3 e6 3. g3 a6 4. Bg2 b5 5. d4 cxd4 6. Nxd4 Bb7 7. O-O Nf6 8. Re1
d6 9. a4 b4 10. a5 Be7 11. e5 Nd5 12. c4 bxc3 13. Qa4+ Qd7 14. Qxd7+ Nxd7 15.
exd6 cxb2 16. Bxb2 Bxd6 17. Nf5 Bb4 18. Nxg7+ Kf8 19. Rd1 Rg8 20. Nf5 Rc8 21.
Nd4 Ke7 22. Ra4 Bd6 23. Nf5+ exf5 24. Bxd5 Bxd5 25. Rxd5 Rc2 26. Rd2 Rxd2 27.
Nxd2 Rg4 28. f4 Nc5 29. Rd4 Ne6 30. Rd5 Bxf4 31. Nc4 Bxg3 32. Ne3 Bf4+ 33. Nxg4
fxg4 34. Ba3+ Kf6 35. Bd6 Be3+ 36. Kf1 Kg6 37. Bg3 Bc5 38. Bf2 Bb4 39. Be1 Bc5
40. Rd7 f5 41. Bf2 Bb4 42. Ra7 Kg5 43. Rxa6 Nf4 44. Be3 h5 45. Ra8 Bd6 46. a6
1-0

[Event "Summer Prague Open 2021 - A"]
[Site "Olympik hotel, Sokolovska 138,"]
[Date "2021.08.08"]
[Round "4.20"]
[White "Laurincova, Kristyna"]
[Black "Mueer, Sebastian"]
[Result "1/2-1/2"]
[WhiteElo "2015"]
[BlackElo "2246"]
[PlyCount "117"]
[EventDate "2021.08.06"]

1. e4 c5 2. Nf3 d6 3. d4 cxd4 4. Nxd4 Nf6 5. Nc3 a6 6. h3 Nc6 7. Be3 e5 8. Nde2
Be6 9. Nd5 Bxd5 10. exd5 Ne7 11. c4 g6 12. Nc3 Bg7 13. Bd3 O-O 14. Qd2 Rc8 15.
Rc1 b5 16. cxb5 axb5 17. Bxb5 Nexd5 18. Nxd5 Rxc1+ 19. Qxc1 Nxd5 20. O-O Nxe3
21. Qxe3 d5 22. a4 d4 23. Qd2 e4 24. b4 Qd5 25. Rc1 e3 26. Qd3 exf2+ 27. Kxf2
Bh6 28. Rc5 Be3+ 29. Kf1 Qd6 30. Qe4 Qh2 31. Ke2 Qg1 32. Rc6 Qf2+ 33. Kd3 Qd2+
34. Kc4 Qc3+ 35. Kd5 Qxb4 36. Rc7 Rd8+ 37. Kc6 Qd6+ 38. Kb7 Bf4 39. Rc6 Rb8+
40. Ka6 Ra8+ 41. Kb6 Qd8+ 42. Kc5 Be3 43. Kb4 Qa5+ 44. Kb3 Rd8 45. Qe7 Bf4 46.
Rc5 Qa8 47. Bc4 Rf8 48. Bd5 Qb8+ 49. Rb5 Qc8 50. Rc5 Qa6 51. Bc4 Qa8 52. Bd5
Qb8+ 53. Rb5 Qc8 54. Rc5 Qf5 55. Be4 Rb8+ 56. Ka2 Bg5 57. Bxf5 Bxe7 58. Rc8+
Rxc8 59. Bxc8 1/2-1/2

[Event "Summer Prague Open 2021 - A"]
[Site "Olympik hotel, Sokolovska 138,"]
[Date "2021.08.08"]
[Round "4.21"]
[White "Humburg, Philipp"]
[Black "Valenta, Vit Vaclav"]
[Result "1-0"]
[WhiteElo "2245"]
[BlackElo "2021"]
[PlyCount "53"]
[EventDate "2021.08.06"]

1. e4 e5 2. Nf3 Nc6 3. Bc4 Be7 4. d4 d6 5. dxe5 dxe5 6. Qxd8+ Bxd8 7. Nc3 Nf6
8. Be3 a6 9. O-O-O Bg4 10. h3 Bh5 11. g4 Bg6 12. Nd2 O-O 13. f3 b5 14. Be2 Nd4
15. Nb3 c5 16. Rd2 Bb6 17. h4 h6 18. g5 hxg5 19. hxg5 Nh5 20. Nd5 Bd8 21. Bd1
Nf4 22. Nxf4 exf4 23. Bxf4 f5 24. Nxd4 cxd4 25. e5 Bb6 26. c3 Bf7 27. Rdh2 1-0

[Event "Summer Prague Open 2021 - A"]
[Site "Olympik hotel, Sokolovska 138,"]
[Date "2021.08.08"]
[Round "4.22"]
[White "Ocokoljic, Zoran"]
[Black "Frank, Adam"]
[Result "0-1"]
[WhiteElo "2012"]
[BlackElo "2210"]
[PlyCount "114"]
[EventDate "2021.08.06"]

1. d4 g6 2. Nf3 d6 3. c4 Bg7 4. Nc3 Nd7 5. e4 e5 6. Be2 Ngf6 7. O-O O-O 8. h3
c6 9. Be3 Re8 10. d5 Nc5 11. Qc2 a5 12. Ne1 Rf8 13. Bxc5 dxc5 14. Nd3 Nd7 15.
Rad1 Qh4 16. Bf3 h5 17. Qe2 a4 18. Kh2 Bh6 19. g3 Qe7 20. Bg2 h4 21. g4 Nb6 22.
b3 Bd7 23. f3 Ra5 24. Qf2 Rfa8 25. Rb1 axb3 26. axb3 Bc8 27. Qb2 Be3 28. Ra1
Bd4 29. Rxa5 Rxa5 30. Ra1 Rxa1 31. Qxa1 Qg5 32. Qe1 Be3 33. Ne2 Bd2 34. Qf2 Nd7
35. f4 exf4 36. Nexf4 Ba5 37. Qb2 Bc7 38. Qf2 Qf6 39. Kg1 Kg7 40. Ne2 Qa1+ 41.
Bf1 Nf6 42. Qe3 Be5 43. dxc6 bxc6 44. Qxc5 Bb8 45. Qe3 Ba7 46. c5 Ba6 47. Nec1
Qc3 48. b4 Bb8 49. Qf3 Bg3 50. Qe3 Be5 51. Kg2 Bc4 52. Kf3 Bd4 53. Ne2 Qxd3 54.
Qxd3 Bxd3 55. Nxd4 Bxf1 56. Nxc6 Bxh3 57. g5 Nxe4 0-1

[Event "Summer Prague Open 2021 - A"]
[Site "Olympik hotel, Sokolovska 138,"]
[Date "2021.08.08"]
[Round "4.24"]
[White "Glavan, Slavenko"]
[Black "Vecera, Dominik"]
[Result "1-0"]
[WhiteElo "2182"]
[BlackElo "2014"]
[PlyCount "77"]
[EventDate "2021.08.06"]

1. e4 c5 2. Nf3 g6 3. h4 h5 4. Nc3 Bg7 5. d3 Nc6 6. Be2 d6 7. Bg5 Bg4 8. Qd2
Nf6 9. O-O Qa5 10. Rfe1 O-O 11. Rad1 Bxf3 12. Bxf3 Rac8 13. g3 Nd4 14. Bg2 Ng4
15. f3 Ne5 16. Rf1 f5 17. exf5 Nxf5 18. Bf4 Nc6 19. Kh2 Nxh4 20. Bh6 Nf5 21.
Bxg7 Kxg7 22. f4 Ncd4 23. Rde1 e6 24. a4 Rh8 25. Qd1 Nh6 26. Bh3 Ng4+ 27. Kg1
Nh6 28. Ne4 Nhf5 29. c3 Nc6 30. Bxf5 exf5 31. Nxd6 Rcd8 32. Nxb7 Qc7 33. Nxd8
Rxd8 34. Qf3 Qd6 35. Re3 Kh6 36. Rfe1 Na5 37. Kf2 Nb3 38. Qb7 Rb8 39. Qf7 1-0